|
|
|
|
| LEADER |
01026nam a2200289 a 4500 |
| 001 |
28856 |
| 003 |
BD-DhAAL |
| 005 |
20150128121217.0 |
| 008 |
150128s2012 nyuaf b 001 0 eng |
| 010 |
|
|
|a 2012005304
|
| 020 |
|
|
|a 9780147509802 (pbk.)
|
| 020 |
|
|
|a 9780670025428 (hbk. : alk. paper)
|
| 040 |
|
|
|a DLC
|c DLC
|d DLC
|d BD-DhAAL
|
| 042 |
|
|
|a pcc
|
| 043 |
|
|
|a e-it---
|
| 050 |
0 |
0 |
|a DG676
|b .M33 2012
|
| 082 |
0 |
0 |
|a 945/.311
|2 23
|
| 100 |
1 |
|
|a Madden, Thomas F.
|9 7569
|
| 245 |
1 |
0 |
|a Venice :
|b a new history /
|c Thomas F. Madden.
|
| 260 |
|
|
|a New York :
|b Viking,
|c 2012.
|
| 300 |
|
|
|a xi, 446 p., [8] p. of col. plates :
|b ill. (chiefly col.), maps ;
|c 24 cm.
|
| 504 |
|
|
|a Includes bibliographical references and index.
|
| 541 |
|
|
|e 28856
|
| 651 |
|
0 |
|a Venice (Italy)
|x History.
|9 7570
|
| 942 |
|
|
|2 ddc
|c BK
|
| 999 |
|
|
|c 33523
|d 33523
|
| 952 |
|
|
|0 0
|1 0
|2 ddc
|4 0
|6 945_311000000000000_MAD
|7 0
|9 52366
|a BRACUL
|b BRACUL
|c GEN
|d 2015-01-28
|e Riza Enterprise
|g 1085.00
|l 5
|m 15
|o 945.311 MAD
|p 3010028856
|r 2025-09-30
|s 2025-09-29
|t 1
|w 2015-01-28
|y BK
|